Velká knižní záhada /

Hlavní autor: Čech, Pavel, 1968-
Jazyk: Čeština
Vydáno: [Havlíčkův Brod] : Petrkov, 2014
Vydání: Vyd. 1.
Témata:
Externí odkaz: Digitalizovaný dokument
Fyzický popis: [77] s. : il. (převážně barev.) ; 33 cm
Knihy
Uloženo v:
LEADER 01468nam a2200409 a 4500
001 nkc20142634892
003 CZ PrNK
005 20200820142617.0
007 ta
008 141110s2014 xr a c 000 j cze
015 |a cnb002634892 
020 |a 978-80-87595-35-0  |q (váz.) 
035 |a (OCoLC)897869996 
040 |a BOA001  |b cze  |d ABA001 
072 7 |a 821.162.3-3  |x Česká próza  |2 Konspekt  |9 25 
072 7 |a 821-93  |x Literatura pro děti a mládež (beletrie)  |2 Konspekt  |9 26 
080 |a 821.162.3-32  |2 MRF 
080 |a 821-93  |2 MRF 
080 |a (0:82-32)  |2 MRF 
080 |a (0.027.6)74/77  |2 MRF 
100 1 |a Čech, Pavel,  |d 1968-  |7 jn20010309243  |4 aut  |4 ill 
245 1 0 |a Velká knižní záhada /  |c Pavel Čech 
250 |a Vyd. 1. 
260 |a [Havlíčkův Brod] :  |b Petrkov,  |c 2014 
300 |a [77] s. :  |b il. (převážně barev.) ;  |c 33 cm 
655 7 |a české příběhy  |7 fd133973  |2 czenas 
655 7 |a autorské knihy  |7 fd756049  |2 czenas 
655 7 |a publikace pro děti  |7 fd133156  |2 czenas 
655 9 |a Czech stories  |2 eczenas 
655 9 |a authors' books  |2 eczenas 
655 9 |a children's literature  |2 eczenas 
856 4 1 |u http://www.digitalniknihovna.cz/mzk/uuid/uuid:60613ba0-a635-11e4-a808-005056827e52  |y Digitalizovaný dokument  |x NDK 
910 2 |a BOA001  |b 4-1333.985 
990 |a BK 
995 |a 01 
991 |b 201411  |c NOV  |e db 
996 6 |b 2610610275  |c 4-1333.985  |l MZK  |r Sklad / do 1 hodiny  |n 5  |p p.v.  |w 001468140  |u 000010  |a 1  |e BOA001  |j MZK50  |s P